Die größten Landkreise Deutschlands (nach Einwohnerzahl) - Statistiken

Allgemein
  • Dieses Quiz wurde 57 mal gespielt
  • Das Durchschnittsergebnis liegt bei 10 aus 20
Antwortstatistiken
Bundesland Einwohnerzahl Landkreis % Korrekt
Niedersachsen 1.177.676 Region Hannover
96%
Baden-Württemberg 556.645 Rhein-Neckar
69%
Nordrhein-Westfalen 610.537 Rhein-Sieg
63%
Nordrhein-Westfalen 620.646 Recklinghausen
61%
Nordrhein-Westfalen 564.444 Städteregion Aachen
61%
Baden-Württemberg 553.689 Ludwigsburg
55%
Nordrhein-Westfalen 490.251 Mettmann
55%
Baden-Württemberg 456.392 Karlsruhe
53%
Nordrhein-Westfalen 480.989 Rhein-Erft
53%
Nordrhein-Westfalen 467.511 Wesel
53%
Baden-Württemberg 542.582 Esslingen
51%
Nordrhein-Westfalen 399.447 Unna
49%
Nordrhein-Westfalen 458.722 Rhein-Kreis Neuss
47%
Baden-Württemberg 401.318 Böblingen
43%
Baden-Württemberg 444.390 Ortenau
43%
Baden-Württemberg 434.369 Rems-Murr
43%
Nordrhein-Westfalen 408.579 Märkischer
35%
Hessen 434.002 Main-Kinzig
33%
Nordrhein-Westfalen 381.627 Borken
31%
Nordrhein-Westfalen 459.195 Steinfurt
29%
Keine übereinstimmenden Quizze gefunden
Verteilung der Resultate
Anzahl Personen mit jedem Resultat
Perzentil nach korrekt beantworteten Fragen
Ihre Resultats-Entwicklung
Sie haben dieses Quiz noch nicht gespielt